Normal view
MARC view
- MADAN .H.D
Entry Personal Name
001 - CONTROL NUMBER
- control field: 5895
003 - CONTROL NUMBER IDENTIFIER
- control field: OSt
005 - DATE AND TIME OF LATEST TRANSACTION
- control field: 20180208093552.0
008 - FIXED-LENGTH DATA ELEMENTS
- fixed length control field: 180208|| aca||aabn | a|a d
040 ## - CATALOGING SOURCE
- Original cataloging agency: OSt
100 ## - HEADING--PERSONAL NAME
- Personal name: MADAN .H.D